000 00881nam a2200277 i 4500
003 EG-GICUC
005 20260511125644.0
008 260511s1935 uk ||||fr|||| 00| 0 eng d
040 _aEG-GiCUC
_beng
_cEG-GiCUC
_dEG-GiCUC
_eRda
082 0 4 _221
_a345.3042
_bWA . T
092 0 4 _221
099 _aLaw1 07 345.3042 WA . T 1935
100 1 _aWalker,Harvey
_eAuthor.
245 _aTraining Public Employees In Great Britain/
_cHarvey Walker.
264 1 _aLondon:
_bMcGraw-Hill Book Company,
_c1935.
300 _a213 page ;
_c 24 cm.
336 _2rda contenu
_a texte
337 _2rda medias
_aOrdinateur
338 _2 transporteur rda
_a Ressource en ligne
546 _aText in English
650 1 _aAdministrative Law
650 1 _aAdministrative Activity
856 4 0 _uhttps://fll.law.cu.edu.eg/fulltext/bks/B07-05479.pdf
905 _a59
942 _2ddc
_n0
_cBK
_e21
999 _c76562
_d76562